Propetarios y gente viviendo alli Lqsa - Estadísticas

Estadísticas generales
  • Esta prueba ha sido intentada 14 veces
  • La puntuación promedio es 39 de 52
Estadísticas de respuestas
Hint Respuesta % Correcto
Bajo A Amador Rivas
100%
2A Amador Rivas
100%
Max & Henry Enrique Pastor
100%
Bajo B Enrique Pastor
100%
Ático A Enrique Pastor
100%
Ático B Javier Maroto
100%
1A Berta Escobar
93%
1C Berta Escobar
93%
La cueva de Coque Coque Calatrava
93%
Caravana Coque Calatrava
93%
Ático A Judith Becker
93%
Ático B Lola Trujillo
93%
1A Raquel Villanueva
93%
1A Antonio Recio
86%
1C Antonio Recio
86%
Max & Henry Araceli Madariaga
86%
Bajo B Araceli Madariaga
86%
Bajo A Estela Reynolds
86%
Ático B Estela Reynolds
86%
Bar de espetos Fermin Trujillo
86%
Bajo A Fermin Trujillo
86%
Ático B Fermin Trujillo
86%
2B Gregoria Gutierrez
86%
Bajo A Izaskun Sagastume
86%
2A Izaskun Sagastume
86%
Bajo A Maite Figueroa
86%
2A Maite Figueroa
86%
1A Nines Chacon
86%
2B Vicente Maroto
86%
1C Alba Recio
79%
Bajo A Carlota Rivas
79%
2A Carlota Rivas
79%
1B Leonardo Romani
79%
Bajo A Nano Rivas
79%
2A Nano Rivas
79%
Átcio A Sergio Arias
79%
Ático A Joaquin Arias
71%
Ático A Rebeca Ortiz
64%
Bajo A Amador JR Arias
57%
2A Amador JR Arias
57%
Bajo B Francisco Javier Pastor
57%
Bajo A Maritere
57%
2A Maritere
57%
Bajo A Rodrigo Rivas
50%
2A Rodrigo Rivas
50%
Ático B Ursula Maroto
43%
1A Cristina Aguilera
36%
1A Toñin Recio
36%
2C German Palomares
29%
1C Rosario Parrales
29%
Bajo B Reyes
14%
Ático A Dyland Pastor
0%
No se encontraron pruebas coincidentes
Distribución de puntuación
Porcentaje de gente con cada puntuación
Porcentaje por número respondido
Historial de tus puntuaciones
No has intentado esta prueba.